The tariffs on barley, oats and corn /

Bibliographic Details
Main Author: Schultz, Theodore W. (Theodore William), 1902-1998
Format: Book
Language:English
Published: Madison, Wis. : Tariff Research Committee, 1933.
Series:Agricultural tariffs
Subjects:

MARC

Tag First Indicator Second Indicator Subfields
LEADER 00000cam a2200000 4500
001 in00000068438
005 20151008052006.0
008 780531s1933 wiuab 00110 engm
010 |a  34029006  
035 |a (OCoLC)03942032 
035 |9 AAH1114AM 
040 |a DLC  |c LDL  |d LDL  |d TXA  |d UtOrBLW 
049 |a TXAM  |c [102009] 
050 0 0 |a HD9035  |b .S3 
082 0 |a 337.5 
092 |a 337.5  |b S387t 
100 1 |a Schultz, Theodore W.  |q (Theodore William),  |d 1902-1998. 
245 1 4 |a The tariffs on barley, oats and corn /  |c by Theodore W. Schultz. 
264 1 |a Madison, Wis. :  |b Tariff Research Committee,  |c 1933. 
300 |a xvii pages, 1 ., 116 pages :  |b ilus. (maps) diagrams ;  |c 23 cm. 
336 |a text  |b txt  |2 rdacontent 
337 |a unmediated  |b n  |2 rdamedia 
338 |a volume  |b nc  |2 rdacarrier 
490 0 |a Agricultural tariffs 
650 0 |a Barley. 
650 0 |a Oats. 
650 0 |a Corn. 
650 0 |a Tariff  |z United States. 
999 |a MARS 
999 f f |s b9ba690f-73ce-3179-8c23-a8f55e905fd9  |i e3dce01d-ff48-34d4-929d-8b36f65e9d52  |t 0 
952 f f |p ric  |a Texas A&M University  |b Rellis Campus  |c Joint Library Facility  |d Remote Storage  |t 0  |e HD9035 .S3  |h Library of Congress classification  |i unmediated -- volume  |m A14800753553 
998 f f |a HD9035 .S3  |t 0  |l Remote Storage